000 00666nam a2200205 i 4500
001 bgj
100 1 _aKANTZENBACH, Friedrich Wilhelm
245 1 0 _aChristentum begreifen :
_bChancen und Bedingungen neuzetlicher Christentumgeschichte /
_cFriedrich Wilhelm Kantzenbach.
260 _aSankt Ingbert :
_bWerner J. Röhrig Verlag,
_c1987.
300 _a671, [1] S. ;
_c21 cm.
490 1 _aSaarbrücker Hohschulschriften ;
_v2
650 9 _aChristentum
_xGeschichte
830 _aSaarbrücker Hohschulschriften ;
020 _a3924555133
040 _cBPK
041 0 _ager
920 _a3-924555-13-3
942 _cKS
008 s gw f |000 0 ger
999 _c50661
_d50661
856 _uhttp://koha.tu.koszalin.pl/cgi-bin/koha/opac-detail.pl?biblionumber=50661
_yKatalog online BPK